[Event "Gibtelecom Masters 1st"]
[Site "Gibraltar"]
[Date "2003.02.05"]
[Round "9"]
[White "Ledger, Andrew"]
[Black "Korneev, Oleg"]
[Result "1-0"]
[WhiteElo "2397"]
[BlackElo "2613"]
[PlyCount "151"]
[EventDate "2003.01.28"]
[EventType "swiss"]
[EventRounds "10"]
[EventCountry "GGB"]
[SourceTitle "BritBase"]
[Source "www.saund.co.uk"]
[SourceDate "2018.02.10"]
[SourceVersion "1"]
[SourceVersionDate "2018.02.10"]
[SourceQuality "1"]

1. e4 e5 2. Nf3 Nc6 3. Bb5 a6 4. Bxc6 dxc6 5. O-O f6 6. d4 exd4 7. Nxd4 c5 8.
Nb3 Qxd1 9. Rxd1 Bg4 10. f3 Be6 11. Be3 b6 12. a4 Kf7 13. a5 c4 14. Nd4 b5 15.
Bf4 Rc8 16. Nc3 Bc5 17. Kf1 Ne7 18. Nxe6 Kxe6 19. Bg3 Rhd8 20. Rxd8 Rxd8 21.
Bxc7 Rd2 22. Bb6 Bd6 23. Ne2 Be5 24. c3 Bxh2 25. Be3 Rxb2 26. Nd4+ Kd7 27. Bc1
Rb3 28. Nxb3 cxb3 29. Rb1 Nc6 30. Rxb3 Bc7 31. Ra3 Ne5 32. Ra2 Nc4 33. Ba3 h5
34. Bb4 h4 35. Ke2 g5 36. Bc5 Kc6 37. Bd4 Bd8 38. Kd3 Be7 39. Ra1 Kd6 40. Rh1
Ke6 41. f4 Bd6 42. fxg5 fxg5 43. Rf1 Bf4 44. Rf2 Ne5+ 45. Bxe5 Kxe5 46. Rc2 g4
47. c4 b4 48. c5 h3 49. gxh3 gxh3 50. c6 b3 51. Rc5+ Kd6 52. c7 b2 53. Kc2 h2
54. c8=Q b1=Q+ 55. Kxb1 h1=Q+ 56. Ka2 Qg2+ 57. Rc2 Qxe4 58. Qxa6+ Ke7 59. Qa7+
Ke6 60. Qb6+ Bd6 61. Qb3+ Ke7 62. a6 Qd4 63. Qc4 Qb6 64. Re2+ Kd8 65. Qa4 Qc5
66. Rd2 Qc7 67. Rc2 Qf7+ 68. Qc4 Qxc4+ 69. Rxc4 Bb8 70. Kb3 Ba7 71. Kb4 Kd7 72.
Kb5 Be3 73. Rc6 Ba7 74. Rb6 Kc8 75. Rb7 Bf2 76. Kc6 1-0

[Event "Gibtelecom Masters 1st"]
[Site "Gibraltar"]
[Date "2003.02.05"]
[Round "9"]
[White "Ledger, David"]
[Black "Straub, Peter"]
[Result "1-0"]
[WhiteElo "2267"]
[BlackElo "2112"]
[PlyCount "79"]
[EventDate "2003.01.28"]
[EventType "swiss"]
[EventRounds "10"]
[EventCountry "GGB"]
[SourceTitle "BritBase"]
[Source "www.saund.co.uk"]
[SourceDate "2018.02.10"]
[SourceVersion "1"]
[SourceVersionDate "2018.02.10"]
[SourceQuality "1"]

1. e4 c5 2. Nc3 Nc6 3. g3 g6 4. d3 Bg7 5. Be3 d6 6. Qd2 e6 7. Bg2 h5 8. h3 Nge7
9. f4 b6 10. Nge2 Nd4 11. Bxd4 cxd4 12. Nb5 Nc6 13. e5 d5 14. Nexd4 Nxd4 15.
Nxd4 f6 16. Nf3 fxe5 17. Nxe5 Qf6 18. h4 O-O 19. O-O Kh7 20. Kh2 Qe7 21. Rae1
Bd7 22. Bh3 Rae8 23. Rf2 Qd6 24. d4 Bc8 25. c3 Rf6 26. Bf1 Bh6 27. Bd3 Rg8 28.
Qe2 Kg7 29. Qc2 Kh7 30. Kg2 Qf8 31. Ref1 Qe8 32. g4 hxg4 33. h5 Kg7 34. Bxg6
Qe7 35. Qe2 Kh8 36. Kg3 Bd7 37. Nxg4 Rgxg6 38. hxg6 Rxg6 39. Rh1 Qf8 40. Rxh6+
1-0

[Event "Gibtelecom Masters 1st"]
[Site "Gibraltar"]
[Date "2003.02.05"]
[Round "9"]
[White "Luther, Thomas"]
[Black "Plaskett, James"]
[Result "0-1"]
[WhiteElo "2575"]
[BlackElo "2467"]
[PlyCount "76"]
[EventDate "2003.01.28"]
[EventType "swiss"]
[EventRounds "10"]
[EventCountry "GGB"]
[SourceTitle "BritBase"]
[Source "www.saund.co.uk"]
[SourceDate "2018.02.10"]
[SourceVersion "1"]
[SourceVersionDate "2018.02.10"]
[SourceQuality "1"]

1. e4 c5 2. Nf3 e6 3. d4 cxd4 4. Nxd4 a6 5. c4 b6 6. Nc3 Bb7 7. Be2 Qc7 8. Be3
Nf6 9. f3 Nc6 10. Nxc6 Bxc6 11. Qd2 Bd6 12. O-O-O Be5 13. Kb1 O-O 14. Bd4 Rfb8
15. Bxe5 Qxe5 16. Qd4 Qc7 17. e5 Ne8 18. Ne4 f6 19. exf6 e5 20. f7+ Kxf7 21.
Ng5+ Kg8 22. Qd3 Nf6 23. Qb3 d6 24. Qd3 Re8 25. Qxd6 Qb7 26. Rhe1 e4 27. c5 b5
28. Nxe4 Nxe4 29. fxe4 Bxe4+ 30. Ka1 Bxg2 31. Bh5 Rxe1 32. Rxe1 Qc6 33. Qe7 Bd5
34. Be8 Qf6 35. Qd7 Rd8 36. Qc7 Be6 37. Bh5 g6 38. Bd1 Rd2 0-1

[Event "Gibtelecom Masters 1st"]
[Site "Gibraltar"]
[Date "2003.02.05"]
[Round "9"]
[White "McNab, Colin"]
[Black "Gayson, Peter"]
[Result "1-0"]
[WhiteElo "2423"]
[BlackElo "2257"]
[PlyCount "61"]
[EventDate "2003.01.28"]
[EventType "swiss"]
[EventRounds "10"]
[EventCountry "GGB"]
[SourceTitle "BritBase"]
[Source "www.saund.co.uk"]
[SourceDate "2018.02.10"]
[SourceVersion "1"]
[SourceVersionDate "2018.02.10"]
[SourceQuality "1"]

1. c4 e5 2. Nc3 d6 3. Nf3 f5 4. d4 e4 5. Ng5 Nf6 6. h4 Be7 7. e3 O-O 8. Nh3 c6
9. Nf4 Na6 10. Be2 Nc7 11. d5 c5 12. h5 Qe8 13. Qc2 Bd7 14. a4 Qf7 15. Bd2 Rfb8
16. f3 exf3 17. gxf3 b6 18. Bd3 Nfe8 19. Nce2 Bg5 20. Ng3 Bxf4 21. exf4 g6 22.
hxg6 hxg6 23. Bc3 Nf6 24. O-O-O b5 25. Bxf5 Bxf5 26. Nxf5 gxf5 27. Qxf5 Nce8
28. Rdg1+ Kf8 29. Rh8+ Ke7 30. Re1+ Kd8 31. Bxf6+ 1-0

[Event "Gibtelecom Masters 1st"]
[Site "Gibraltar"]
[Date "2003.02.05"]
[Round "9"]
[White "Medvegy, Nora"]
[Black "Ledger, Stephen"]
[Result "1-0"]
[WhiteElo "2376"]
[BlackElo "2172"]
[PlyCount "137"]
[EventDate "2003.01.28"]
[EventType "swiss"]
[EventRounds "10"]
[EventCountry "GGB"]
[SourceTitle "BritBase"]
[Source "www.saund.co.uk"]
[SourceDate "2018.02.10"]
[SourceVersion "1"]
[SourceVersionDate "2018.02.10"]
[SourceQuality "1"]

1. e4 c5 2. Nf3 Nc6 3. d4 cxd4 4. Nxd4 e5 5. Nb5 a6 6. Nd6+ Bxd6 7. Qxd6 Qf6 8.
Qxf6 Nxf6 9. Nc3 Nb4 10. Kd2 d5 11. a3 d4 12. axb4 dxc3+ 13. Ke3 Ng4+ 14. Ke2
cxb2 15. Bxb2 Be6 16. h3 Rc8 17. Rc1 Nf6 18. Ke3 Nd7 19. c4 f6 20. g3 O-O 21.
f4 exf4+ 22. gxf4 Rfe8 23. Rd1 Nb8 24. Rg1 Kf8 25. c5 Nc6 26. Bc3 Bf5 27. Bg2
Re7 28. Rge1 Bxe4 29. Bxe4 f5 30. Kf3 fxe4+ 31. Rxe4 Rxe4 32. Kxe4 Re8+ 33. Be5
Nxe5 34. fxe5 Re7 35. Rd6 Rc7 36. Kd5 Ke7 37. Re6+ Kd7 38. h4 g6 39. Rd6+ Ke7
40. Re6+ Kf7 41. Rb6 Rd7+ 42. Ke4 Rc7 43. Rd6 Ke7 44. Kd5 Rd7 45. e6 Rc7 46.
Ke5 a5 47. c6 axb4 48. Rd4 bxc6 49. Rxb4 c5 50. Rf4 Ke8 51. Kd6 Ra7 52. Kxc5
Ra5+ 53. Kd6 Ra6+ 54. Ke5 Ra7 55. Kf6 Kf8 56. Rb4 Ra8 57. Rb7 h6 58. Rh7 Kg8
59. Rg7+ Kh8 60. Rxg6 Rf8+ 61. Ke7 Rf4 62. Rxh6+ Kg7 63. Rh5 Rd4 64. Rg5+ Kh7
65. Ke8 Rxh4 66. e7 Rd4 67. Kf7 Rf4+ 68. Ke6 Kh6 69. Re5 1-0

[Event "Gibtelecom Masters 1st"]
[Site "Gibraltar"]
[Date "2003.02.05"]
[Round "9"]
[White "Palac, Mladen"]
[Black "Sulskis, Sarunas"]
[Result "1/2-1/2"]
[WhiteElo "2591"]
[BlackElo "2567"]
[PlyCount "49"]
[EventDate "2003.01.28"]
[EventType "swiss"]
[EventRounds "10"]
[EventCountry "GGB"]
[SourceTitle "BritBase"]
[Source "www.saund.co.uk"]
[SourceDate "2018.02.10"]
[SourceVersion "1"]
[SourceVersionDate "2018.02.10"]
[SourceQuality "1"]

1. e4 e5 2. Nf3 Nc6 3. Bb5 a6 4. Ba4 Nf6 5. O-O Be7 6. Re1 b5 7. Bb3 d6 8. a4
b4 9. d3 Na5 10. Ba2 c5 11. Nbd2 Rb8 12. h3 O-O 13. c3 Nd7 14. Nb3 Nc6 15. Be3
a5 16. Nbd2 Nb6 17. Nc4 Be6 18. Nxb6 Bxa2 19. Rxa2 Rxb6 20. d4 cxd4 21. cxd4
exd4 22. Nxd4 Nxd4 23. Bxd4 Rc6 24. b3 Bf6 25. Rd2 1/2-1/2

[Event "Gibtelecom Masters 1st"]
[Site "Gibraltar"]
[Date "2003.02.05"]
[Round "9"]
[White "Schmitz, Andreas Arnold"]
[Black "Soh, Edmund"]
[Result "1/2-1/2"]
[WhiteElo "2131"]
[BlackElo "2029"]
[PlyCount "102"]
[EventDate "2003.01.28"]
[EventType "swiss"]
[EventRounds "10"]
[EventCountry "GGB"]
[SourceTitle "BritBase"]
[Source "www.saund.co.uk"]
[SourceDate "2018.02.10"]
[SourceVersion "1"]
[SourceVersionDate "2018.02.10"]
[SourceQuality "1"]

1. e4 d6 2. d4 Nf6 3. Nc3 g6 4. f3 c6 5. a4 Nbd7 6. Bc4 Bg7 7. Nge2 Qa5 8. Bd2
O-O 9. Qc1 e6 10. Nb5 Qd8 11. Nxd6 Nb6 12. e5 Ne8 13. Nxe8 Rxe8 14. Bd3 c5 15.
Bb5 Bd7 16. dxc5 Bxb5 17. axb5 Nd7 18. Bc3 Nxc5 19. Qe3 Qc7 20. O-O Nd7 21. f4
Nb6 22. Qf2 Bf8 23. Kh1 Qc4 24. Ra5 Bb4 25. b3 Qc5 26. Qxc5 Bxc5 27. b4 Be3 28.
Bd4 Bxd4 29. Nxd4 Red8 30. Nf3 Nc4 31. Ra2 Rd5 32. c3 Rxb5 33. Nd4 Rd5 34. Rfa1
a6 35. b5 a5 36. Ra4 Rc8 37. Ne2 Rxb5 38. Ng3 Nb6 39. Rxa5 Rxa5 40. Rxa5 Rxc3
41. Kg1 Nd5 42. Ne2 Rc4 43. g3 b6 44. Ra8+ Kg7 45. Rb8 h5 46. h4 Rb4 47. Kf2
Rb2 48. Kf3 Rb3+ 49. Kf2 Rb2 50. Kf3 Rb3+ 51. Kf2 Rb2 1/2-1/2

[Event "Gibtelecom Masters 1st"]
[Site "Gibraltar"]
[Date "2003.02.05"]
[Round "9"]
[White "Schmitz, Manuela"]
[Black "Malinarski, Yehuda"]
[Result "0-1"]
[WhiteElo "2111"]
[BlackElo "2199"]
[PlyCount "58"]
[EventDate "2003.01.28"]
[EventType "swiss"]
[EventRounds "10"]
[EventCountry "GGB"]
[SourceTitle "BritBase"]
[Source "www.saund.co.uk"]
[SourceDate "2018.02.10"]
[SourceVersion "1"]
[SourceVersionDate "2018.02.10"]
[SourceQuality "1"]

1. d4 Nf6 2. c4 e6 3. Nf3 b6 4. g3 Ba6 5. Qc2 c5 6. d5 exd5 7. cxd5 Bb7 8. e4
Qe7 9. Bd3 Nxd5 10. a3 Nc6 11. O-O Nc7 12. Nc3 O-O-O 13. Bf4 d6 14. Nd5 Nxd5
15. exd5 Ne5 16. Bf5+ Kb8 17. Qb3 g6 18. Bh3 Bg7 19. Nd2 f5 20. Be3 h5 21. Bg2
h4 22. Rfe1 hxg3 23. hxg3 Bf6 24. f3 Qf7 25. f4 Ng4 26. Bf2 Nxf2 27. Kxf2 Bd4+
28. Kf1 Rh2 29. Re6 Rxg2 0-1

[Event "Gibtelecom Masters 1st"]
[Site "Gibraltar"]
[Date "2003.02.05"]
[Round "9"]
[White "Sending, Staale"]
[Black "Radovanovic, Jovica"]
[Result "0-1"]
[WhiteElo "2119"]
[BlackElo "2280"]
[PlyCount "65"]
[EventDate "2003.01.28"]
[EventType "swiss"]
[EventRounds "10"]
[EventCountry "GGB"]
[SourceTitle "BritBase"]
[Source "www.saund.co.uk"]
[SourceDate "2018.02.10"]
[SourceVersion "1"]
[SourceVersionDate "2018.02.10"]
[SourceQuality "1"]

1. e4 c5 2. Nf3 d6 3. d4 cxd4 4. Nxd4 Nf6 5. Nc3 Nc6 6. f3 e5 7. Ndb5 a6 8. Na3
b5 9. Nd5 Nxd5 10. exd5 Nd4 11. c3 Nf5 12. g3 Be7 13. Bg2 h5 14. f4 exf4 15.
Bxf4 h4 16. g4 h3 17. Be4 Bh4+ 18. Kd2 Nh6 19. Qe2 Ra7 20. Rhg1 Re7 21. Kd3
Bxg4 22. Rxg4 f5 23. Rg6 fxe4+ 24. Kd2 O-O 25. Rxd6 Rd7 26. Rxd7 Qxd7 27. Be3
Qxd5+ 28. Kc2 Bg5 29. b3 Be7 30. Rd1 Qd3+ 31. Qxd3 exd3+ 32. Kb2 Bd6 33. Rd2
0-1

[Event "Gibtelecom Masters 1st"]
[Site "Gibraltar"]
[Date "2003.02.05"]
[Round "9"]
[White "Tiviakov, Sergei"]
[Black "Cherniaev, Alexander"]
[Result "1/2-1/2"]
[WhiteElo "2635"]
[BlackElo "2504"]
[PlyCount "45"]
[EventDate "2003.01.28"]
[EventType "swiss"]
[EventRounds "10"]
[EventCountry "GGB"]
[SourceTitle "BritBase"]
[Source "www.saund.co.uk"]
[SourceDate "2018.02.10"]
[SourceVersion "1"]
[SourceVersionDate "2018.02.10"]
[SourceQuality "1"]

1. e4 c5 2. Nc3 e6 3. f4 d5 4. Nf3 dxe4 5. Nxe4 Nd7 6. g3 Ngf6 7. Nxf6+ Nxf6 8.
Bg2 Be7 9. b3 O-O 10. Bb2 Qc7 11. O-O b6 12. f5 exf5 13. Nh4 Rb8 14. Nxf5 Bxf5
15. Rxf5 Rbd8 16. d3 Ne8 17. Qg4 Qd7 18. Raf1 Bf6 19. Bc6 Qe6 20. Bxe8 Bxb2 21.
Bb5 g6 22. Bc4 Bd4+ 23. Kg2 1/2-1/2

[Event "Gibtelecom Masters 1st"]
[Site "Gibraltar"]
[Date "2003.02.06"]
[Round "10"]
[White "Agdestein, Simen"]
[Black "Cramling, Pia"]
[Result "1-0"]
[WhiteElo "2578"]
[BlackElo "2492"]
[PlyCount "110"]
[EventDate "2003.01.28"]
[EventType "swiss"]
[EventRounds "10"]
[EventCountry "GGB"]
[SourceTitle "BritBase"]
[Source "www.saund.co.uk"]
[SourceDate "2018.02.10"]
[SourceVersion "1"]
[SourceVersionDate "2018.02.10"]
[SourceQuality "1"]

1. d4 d5 2. c4 dxc4 3. e4 Nc6 4. Nf3 Bg4 5. Be3 e6 6. Bxc4 Qf6 7. Bb5 Bb4+ 8.
Nc3 Nge7 9. h3 Bxf3 10. Qxf3 Qxf3 11. gxf3 O-O-O 12. O-O-O a6 13. Bc4 Ba5 14.
Rhg1 g6 15. Rd2 Rd7 16. a3 b5 17. Ba2 b4 18. axb4 Nxb4 19. Bb3 Rhd8 20. Ba4 c6
21. Rgd1 Rb7 22. Bg5 Re8 23. Kb1 h6 24. Be3 Rh8 25. Ka1 Kb8 26. Rc1 g5 27. f4
Ng6 28. fxg5 hxg5 29. Bxg5 Rh5 30. Be3 Rxh3 31. Rg1 Bc7 32. Bd1 Bf4 33. Na4 Rd7
34. Nc5 Rd8 35. Bb3 Rh2 36. Rdd1 Bxe3 37. fxe3 Rh3 38. Rde1 Rdh8 39. Kb1 Nh4
40. Rg7 Nf3 41. Rd1 R8h7 42. Rxh7 Rxh7 43. Kc1 Rh3 44. Rf1 Rg3 45. Bd1 Ng5 46.
Kd2 Rg2+ 47. Kc3 Na2+ 48. Kb3 Nc1+ 49. Ka3 Rg3 50. Re1 Rg2 51. Nxa6+ Ka7 52.
Nb4 Rd2 53. Ba4 Ne2 54. b3 Nxe4 55. Nxc6+ Ka6 1-0

[Event "Gibtelecom Masters 1st"]
[Site "Gibraltar"]
[Date "2003.02.06"]
[Round "10"]
[White "Baum, Bernd"]
[Black "Barsov, Alexei"]
[Result "0-1"]
[WhiteElo "2252"]
[BlackElo "2525"]
[PlyCount "80"]
[EventDate "2003.01.28"]
[EventType "swiss"]
[EventRounds "10"]
[EventCountry "GGB"]
[SourceTitle "BritBase"]
[Source "www.saund.co.uk"]
[SourceDate "2018.02.10"]
[SourceVersion "1"]
[SourceVersionDate "2018.02.10"]
[SourceQuality "1"]

1. e4 e6 2. Qe2 c5 3. f4 Nc6 4. Nf3 g6 5. g3 Bg7 6. Bg2 Nge7 7. O-O O-O 8. d3
Rb8 9. Nc3 d6 10. Be3 Nd4 11. Qf2 Nec6 12. Nd1 Qa5 13. Ne1 Bd7 14. Bd2 Qa6 15.
Ne3 f5 16. exf5 gxf5 17. a3 b5 18. Rd1 b4 19. axb4 cxb4 20. Kh1 Nb5 21. Nc4 b3
22. c3 d5 23. Ne5 Nxe5 24. fxe5 Bxe5 25. Bf4 Bxf4 26. gxf4 Qb6 27. Qd2 Be8 28.
Rg1 Rf6 29. Nf3 Bh5 30. Ne5 Bxd1 31. Nd7 Qd8 32. Nxf6+ Qxf6 33. Qxd1 Nxc3 34.
bxc3 Qxc3 35. Bxd5+ Kh8 36. Bc4 b2 37. Qb1 Rb4 38. h3 Rxc4 39. Qf1 Rc8 40. Qe2
Qc6+ 0-1

[Event "Gibtelecom Masters 1st"]
[Site "Gibraltar"]
[Date "2003.02.06"]
[Round "10"]
[White "Bellin, Robert"]
[Black "Palac, Mladen"]
[Result "0-1"]
[WhiteElo "2360"]
[BlackElo "2591"]
[PlyCount "122"]
[EventDate "2003.01.28"]
[EventType "swiss"]
[EventRounds "10"]
[EventCountry "GGB"]
[SourceTitle "BritBase"]
[Source "www.saund.co.uk"]
[SourceDate "2018.02.10"]
[SourceVersion "1"]
[SourceVersionDate "2018.02.10"]
[SourceQuality "1"]

1. e4 c5 2. Nf3 d6 3. d4 cxd4 4. Nxd4 Nf6 5. Nc3 a6 6. Bg5 Nc6 7. Bxf6 gxf6 8.
Be2 e6 9. f4 Bd7 10. Qd2 h5 11. O-O-O Qb6 12. Kb1 Nxd4 13. Qxd4 Qxd4 14. Rxd4
Bc6 15. Re1 O-O-O 16. Rf1 f5 17. Bf3 Bg7 18. Rd3 Bxc3 19. Rxc3 fxe4 20. Bxe4
Kd7 21. Re3 Rdg8 22. Rf2 Rg4 23. Bxc6+ bxc6 24. Kc1 Rhg8 25. Ree2 h4 26. Kd2 f6
27. Ke1 Rb8 28. c3 Ke7 29. Rf3 a5 30. b3 Rbg8 31. Kf1 d5 32. Kg1 Kd6 33. Rfe3
Re8 34. g3 hxg3 35. hxg3 e5 36. fxe5+ fxe5 37. Kg2 c5 38. Kf3 Rg5 39. Rh2 d4
40. Re1 Rf8+ 41. Kg2 Rf6 42. c4 Rfg6 43. Rh3 Rg4 44. Kf3 Ke6 45. Re4 Rxe4 46.
Kxe4 Rg4+ 47. Kf3 Rg8 48. g4 Rg6 49. Rh8 Rf6+ 50. Ke2 Rf4 51. Rh6+ Kd7 52. Rh7+
Ke6 53. Rh6+ Ke7 54. Rc6 Rxg4 55. Rxc5 Ke6 56. Kf3 Rf4+ 57. Kg3 Rf1 58. Kg2 Rc1
59. Rxa5 Kf5 60. Ra8 Ke4 61. Rh8 d3 0-1

[Event "Gibtelecom Masters 1st"]
[Site "Gibraltar"]
[Date "2003.02.06"]
[Round "10"]
[White "Bellon Lopez, Juan Manuel"]
[Black "Straub, Peter"]
[Result "1/2-1/2"]
[WhiteElo "2428"]
[BlackElo "2112"]
[PlyCount "54"]
[EventDate "2003.01.28"]
[EventType "swiss"]
[EventRounds "10"]
[EventCountry "GGB"]
[SourceTitle "BritBase"]
[Source "www.saund.co.uk"]
[SourceDate "2018.02.10"]
[SourceVersion "1"]
[SourceVersionDate "2018.02.10"]
[SourceQuality "1"]

1. b3 d5 2. Nf3 Bg4 3. Bb2 Nd7 4. e3 e5 5. Be2 Bxf3 6. Bxf3 c6 7. d3 Bd6 8. Nd2
Ne7 9. O-O O-O 10. e4 Qc7 11. g3 Rae8 12. c4 d4 13. Bg4 c5 14. Rc1 Nc6 15. a3
a5 16. Qf3 Nd8 17. Qg2 Ne6 18. h4 Nf6 19. f3 Nxg4 20. fxg4 g5 21. hxg5 Be7 22.
Nf3 f6 23. gxf6 Rxf6 24. Nh2 Ref8 25. Rxf6 Bxf6 26. Rf1 Bg5 27. Bc1 Rxf1+
1/2-1/2

[Event "Gibtelecom Masters 1st"]
[Site "Gibraltar"]
[Date "2003.02.06"]
[Round "10"]
[White "Gayson, Peter"]
[Black "Schmitz, Andreas Arnold"]
[Result "1-0"]
[WhiteElo "2257"]
[BlackElo "2131"]
[PlyCount "89"]
[EventDate "2003.01.28"]
[EventType "swiss"]
[EventRounds "10"]
[EventCountry "GGB"]
[SourceTitle "BritBase"]
[Source "www.saund.co.uk"]
[SourceDate "2018.02.10"]
[SourceVersion "1"]
[SourceVersionDate "2018.02.10"]
[SourceQuality "1"]

1. e4 e6 2. d4 d5 3. Nd2 Nf6 4. e5 Nfd7 5. Bd3 c5 6. c3 Nc6 7. Ne2 Qb6 8. Nf3
cxd4 9. cxd4 f6 10. Nc3 fxe5 11. dxe5 d4 12. Ne4 Bb4+ 13. Bd2 Ndxe5 14. Nxe5
Nxe5 15. Qh5+ Ng6 16. Qb5+ Bd7 17. Qxb4 Qxb4 18. Bxb4 Nf4 19. Nd6+ Kd8 20. Be4
Bc6 21. Nf7+ Ke8 22. Bxc6+ bxc6 23. Nxh8 Nd3+ 24. Kd2 Nxb4 25. Rac1 Rb8 26. a3
Nd5 27. Rxc6 Kd7 28. Ra6 Rxh8 29. Rxa7+ Kd6 30. Ra6+ Ke7 31. Re1 Nc7 32. Ra7
Kd6 33. Rc1 Nd5 34. Ra6+ Ke7 35. Rcc6 Kf7 36. Rxe6 Rb8 37. b4 Nc7 38. Rab6 Ra8
39. Rec6 Nd5 40. Ra6 Re8 41. Ra7+ Kg8 42. Rd6 Nc3 43. Rxd4 Nb5 44. Rdd7 Nxa7
45. Rxa7 1-0

[Event "Gibtelecom Masters 1st"]
[Site "Gibraltar"]
[Date "2003.02.06"]
[Round "10"]
[White "Gullaksen, Eirik"]
[Black "Thompson, Ian"]
[Result "1-0"]
[WhiteElo "2354"]
[BlackElo "2256"]
[PlyCount "137"]
[EventDate "2003.01.28"]
[EventType "swiss"]
[EventRounds "10"]
[EventCountry "GGB"]
[SourceTitle "BritBase"]
[Source "www.saund.co.uk"]
[SourceDate "2018.02.10"]
[SourceVersion "1"]
[SourceVersionDate "2018.02.10"]
[SourceQuality "1"]

1. e4 e6 2. d4 d5 3. Nc3 Bb4 4. e5 Ne7 5. a3 Bxc3+ 6. bxc3 c5 7. Qg4 Qc7 8. Bd3
c4 9. Be2 Qa5 10. Bd2 Nf5 11. Nf3 Nc6 12. Nh4 Nxh4 13. Qxh4 Bd7 14. O-O h6 15.
Rfd1 Ne7 16. Qf4 Rf8 17. Bg4 O-O-O 18. Rdb1 f5 19. exf6 Rxf6 20. Qg3 Rdf8 21.
f3 Qc7 22. Be1 Nf5 23. Bxf5 Qxg3 24. Bxg3 Rxf5 25. Re1 Re8 26. Kf2 Ba4 27. Re2
Kd7 28. Rb1 b5 29. Rbe1 a5 30. Be5 Rf7 31. Ke3 Rc8 32. Kd2 Rc6 33. h4 Rb6 34.
Rb1 Ke8 35. f4 Rfb7 36. Re3 Kf8 37. Rg3 Kg8 38. h5 b4 39. axb4 Be8 40. Ra1 axb4
41. cxb4 Bxh5 42. Rh1 Be8 43. Rxh6 c3+ 44. Kxc3 Ba4 45. Kd2 Rxb4 46. Rhg6 Rc4
47. Rxg7+ Rxg7 48. Rxg7+ Kf8 49. c3 Be8 50. g4 Ra4 51. f5 exf5 52. gxf5 Ra2+
53. Ke3 Bf7 54. Rg3 Ke7 55. Kf4 Rf2+ 56. Kg5 Be8 57. Re3 Rg2+ 58. Bg3+ Kf7 59.
f6 Bb5 60. Re7+ Kf8 61. Kf4 Re2 62. Rb7 Bc6 63. Rc7 Be8 64. Kf5 Kg8 65. Rg7+
Kh8 66. Be5 Bh5 67. Ke6 Re1 68. Kd6 Rf1 69. f7 1-0

[Event "Gibtelecom Masters 1st"]
[Site "Gibraltar"]
[Date "2003.02.06"]
[Round "10"]
[White "Gyimesi, Zoltan"]
[Black "Campora, Daniel"]
[Result "1/2-1/2"]
[WhiteElo "2585"]
[BlackElo "2505"]
[PlyCount "46"]
[EventDate "2003.01.28"]
[EventType "swiss"]
[EventRounds "10"]
[EventCountry "GGB"]
[SourceTitle "BritBase"]
[Source "www.saund.co.uk"]
[SourceDate "2018.02.10"]
[SourceVersion "1"]
[SourceVersionDate "2018.02.10"]
[SourceQuality "1"]

1. d4 Nf6 2. c4 e6 3. Nf3 b6 4. g3 Ba6 5. Nbd2 d5 6. Bg2 Be7 7. O-O O-O 8. Ne5
c5 9. dxc5 bxc5 10. e4 Bd6 11. exd5 exd5 12. Ng4 Nbd7 13. Nxf6+ Nxf6 14. Re1
Re8 15. Rxe8+ Qxe8 16. cxd5 h5 17. Nf1 Rb8 18. b3 Be5 19. Rb1 Bd4 20. Bb2 Bxf2+
21. Kxf2 Ng4+ 22. Kg1 Bxf1 23. Qxf1 Qe3+ 1/2-1/2

[Event "Gibtelecom Masters 1st"]
[Site "Gibraltar"]
[Date "2003.02.06"]
[Round "10"]
[White "Jonkman, Harmen"]
[Black "Ledger, David"]
[Result "0-1"]
[WhiteElo "2436"]
[BlackElo "2267"]
[PlyCount "94"]
[EventDate "2003.01.28"]
[EventType "swiss"]
[EventRounds "10"]
[EventCountry "GGB"]
[SourceTitle "BritBase"]
[Source "www.saund.co.uk"]
[SourceDate "2018.02.10"]
[SourceVersion "1"]
[SourceVersionDate "2018.02.10"]
[SourceQuality "1"]

1. e4 e5 2. Nf3 Nc6 3. Bb5 Nf6 4. O-O Bc5 5. d3 d6 6. c3 O-O 7. Bg5 h6 8. Bh4
Bb6 9. Nbd2 Qe7 10. Qc2 g5 11. Bg3 Nh5 12. a4 a6 13. Bxc6 bxc6 14. d4 g4 15.
Nh4 exd4 16. Nc4 Nxg3 17. hxg3 dxc3 18. Qxc3 Rb8 19. Rfe1 Bc5 20. Re2 Be6 21.
Rc1 Qg5 22. e5 Bd4 23. Qe1 d5 24. Na5 Rxb2 25. Rxb2 Bxb2 26. Rxc6 d4 27. Qe2
Bc3 28. Nb7 Rb8 29. Rxc7 a5 30. Kh2 d3 31. Qxd3 Bxe5 32. Rc5 Qxh4+ 33. Kg1 Qf6
34. Rb5 Bd4 35. Qd2 Rc8 36. Nd6 Qxf2+ 37. Qxf2 Rc1+ 38. Kh2 Bxf2 39. Ne4 Bg1+
40. Kh1 Kg7 41. Rh5 Kg6 42. Rb5 Bc5+ 43. Kh2 Bb4 44. Nf2 Rc5 45. Rb6 Rh5+ 46.
Kg1 Bc5 47. Rc6 Rf5 0-1

[Event "Gibtelecom Masters 1st"]
[Site "Gibraltar"]
[Date "2003.02.06"]
[Round "10"]
[White "Ledger, Stephen"]
[Black "Guerrero, Carlos"]
[Result "1-0"]
[WhiteElo "2172"]
[BlackElo "2073"]
[PlyCount "99"]
[EventDate "2003.01.28"]
[EventType "swiss"]
[EventRounds "10"]
[EventCountry "GGB"]
[SourceTitle "BritBase"]
[Source "www.saund.co.uk"]
[SourceDate "2018.02.10"]
[SourceVersion "1"]
[SourceVersionDate "2018.02.10"]
[SourceQuality "1"]

1. d4 d5 2. Nf3 Nf6 3. Bf4 e6 4. e3 Bd6 5. Bg3 Ne4 6. Nbd2 Nxg3 7. hxg3 c5 8.
c4 cxd4 9. Nxd4 dxc4 10. Bxc4 Nd7 11. Qg4 Be5 12. N2b3 Qe7 13. O-O-O Nc5 14.
Nf3 f5 15. Bb5+ Kf8 16. Qc4 Nxb3+ 17. Qxb3 Bf6 18. Kb1 a6 19. Bd3 e5 20. e4 g6
21. Rhe1 Kg7 22. exf5 Bxf5 23. Bxf5 gxf5 24. Nxe5 Rhd8 25. Nd3 Qf7 26. Qb6 Bd4
27. Qb4 a5 28. Qe7 Rd7 29. Qxf7+ Rxf7 30. Ne5 Bxf2 31. Rf1 Re7 32. Rxf2 Rxe5
33. Rd7+ Kg6 34. Rxb7 Rae8 35. Rd2 Re1+ 36. Kc2 Rc8+ 37. Kb3 Re3+ 38. Ka4 Re6
39. Rb5 Ra8 40. Rf2 Re4+ 41. Ka3 Re3+ 42. Rb3 Re5 43. Rc3 h5 44. Rd2 Ra6 45. b3
Rae6 46. Ka4 Rb6 47. Rc7 Rb4+ 48. Ka3 Rg4 49. Rd6+ Kg5 50. Rg7# 1-0

[Event "Gibtelecom Masters 1st"]
[Site "Gibraltar"]
[Date "2003.02.06"]
[Round "10"]
[White "Lund, Frode Ryan"]
[Black "Vega, Enrique"]
[Result "1/2-1/2"]
[WhiteElo "2103"]
[BlackElo "2115"]
[PlyCount "96"]
[EventDate "2003.01.28"]
[EventType "swiss"]
[EventRounds "10"]
[EventCountry "GGB"]
[SourceTitle "BritBase"]
[Source "www.saund.co.uk"]
[SourceDate "2018.02.10"]
[SourceVersion "1"]
[SourceVersionDate "2018.02.10"]
[SourceQuality "1"]

1. e4 e6 2. d4 d5 3. Nc3 Nf6 4. Bg5 Be7 5. e5 Nfd7 6. Bxe7 Qxe7 7. f4 a6 8. Nf3
c5 9. g3 Nc6 10. Bh3 cxd4 11. Nxd4 Qb4 12. Nb3 Nc5 13. a3 Qb6 14. Nxc5 Qxc5 15.
Qd2 O-O 16. Rf1 b5 17. Ne2 a5 18. Rf2 Bd7 19. c3 b4 20. cxb4 axb4 21. Rc1 Qb6
22. axb4 Nxb4 23. Rf3 Nc6 24. Rfc3 Rfb8 25. Bf1 h6 26. Rb1 Ra2 27. Rc2 Ra4 28.
Nc3 Rb4 29. Qf2 Qa5 30. Rd2 d4 31. Nd1 Ne7 32. Bd3 Bb5 33. Qe2 Nd5 34. Bxb5
R8xb5 35. Rc1 g6 36. Kf2 Qb6 37. Qd3 Nc3 38. Kg1 Nxd1 39. Rcxd1 Rd5 40. Qe2 Rb3
41. Kg2 Re3 42. Qc4 Rb3 43. Qe2 h5 44. h4 Qb4 45. Rc1 Re3 46. Qf2 Qb7 47. Kh2
Qb6 48. Rc4 Rb3 1/2-1/2